Sources of social power (Record no. 1226908)

MARC details
000 -LEADER
fixed length control field 00632nam a2200229Ia 4500
005 - DATE AND TIME OF LATEST TRANSACTION
control field 20241129110007.0
008 - FIXED-LENGTH DATA ELEMENTS--GENERAL INFORMATION
fixed length control field 241129s9999||||xx |||||||||||||| ||und||
020 ## - INTERNATIONAL STANDARD BOOK NUMBER
International Standard Book Number 978-1-107-67064-8
037 ## - SOURCE OF ACQUISITION
Stock number TB
040 ## - CATALOGING SOURCE
Original cataloging agency ARTS
Language of cataloging eng
Transcribing agency ARTS
041 ## - LANGUAGE CODE
Language code of text/sound track or separate title eng
Source of code eng
084 ## - COLON CLASSIFICATION NUMBER
Classification number Y:3vL60 M6;Q2.2
Assigning agency ARTS
100 ## - MAIN ENTRY--PERSONAL NAME
Personal name Mann Michael Au.
9 (RLIN) 610609
245 #0 - TITLE STATEMENT
Title Sources of social power
Statement of responsibility, etc. Mann Michael Au.
260 ## - PUBLICATION, DISTRIBUTION, ETC.
Place of publication, distribution, etc. Cambridge, USA
Name of publisher, distributor, etc. Cambridge University Press
Date of publication, distribution, etc. 2013
300 ## - PHYSICAL DESCRIPTION
Extent xx,823p.
365 ## - TRADE PRICE
Price type code USD
Price amount 29.99
490 ## - SERIES STATEMENT
Volume/sequential designation V2
650 ## - SUBJECT ADDED ENTRY--TOPICAL TERM
Topical term or geographic name entry element Sociology
942 ## - ADDED ENTRY ELEMENTS (KOHA)
Koha item type Textbook
Classification part Y:3vL60 M6;Q2.2
Holdings
Withdrawn status Lost status Damaged status Not for loan Home library Current library Date acquired Source of acquisition Cost, normal purchase price Inventory number Total Checkouts Full call number Barcode Date last seen Price effective from Koha item type
        Arts Library Arts Library 2024-11-29 Elite Publishers Distributors 29.99 14857 & 04/12/2023   Y:3vL60 M6;Q2.2 AL1667941 2024-11-29 2024-11-29 Textbook
Copyright @ Delhi University Library System